[Event "CZE Czechia-ch U16"]
[Site "Harrachov"]
[Date "2009.10.31"]
[Round "9"]
[White "Vlasak, Martin"]
[Black "Krasny, Drahomir"]
[Result "0-1"]
[WhiteElo "1825"]
[BlackElo "1924"]
[PlyCount "93"]
[EventDate "2009.10.24"]
[EventType "swiss"]
[EventRounds "9"]
[EventCountry "CZE"]
[SourceTitle "EXT 2012"]
[Source "ChessBase"]
[SourceDate "2011.11.24"]
[SourceVersion "1"]
[SourceVersionDate "2011.11.24"]
[SourceQuality "1"]

1. e4 e5 2. Nf3 Nc6 3. d4 exd4 4. Bc4 Nf6 5. 0-0 Nxe4 6. Re1 d5 7. Bxd5 Qxd5 8. Nc3 Qh5 9. Nxe4 Be6 10. Bg5 h6 11. Bf6 Be7 12. Bxe7 Kxe7 13. Nxd4 Qxd1 14. Nxc6+ bxc6 15. Raxd1 Rad8 16. Nc5 Rd5 17. Nxe6 fxe6 18. Rxd5 cxd5 19. f3 Rb8 20. b3 Rb6 21. Rc1 Kd6 22. c4 c5 23. cxd5 exd5 24. f4 Rb4 25. g3 a5 26. Kf2 a4 27. Rc3 d4 28. Rd3 Kd5 29. Kf3 axb3 30. axb3 Rb8 31. g4 g5 32. f5 Ke5 33. h3 Rb6 34. Ke2 h5 35. gxh5 Rh6 36. Rf3 Rxh5 37. f6 Rh8 38. f7 Rf8 39. h4 gxh4 40. Rh3 Rxf7 41. Rxh4 Rb7 42. Rh5+ Kd6 43. Rh3 Kc6 44. Kd2 Kb5 45. Kc1 Kb4 46. Kd1 Re7 47. Kd2 0-1

[Event "CZE Czechia-ch U16"]
[Site "Harrachov"]
[Date "2009.10.25"]
[Round "2"]
[White "Vlasak, Martin"]
[Black "Pospisil, Martin"]
[Result "1-0"]
[WhiteElo "1825"]
[BlackElo "1909"]
[PlyCount "85"]
[EventDate "2009.10.24"]
[EventType "swiss"]
[EventRounds "9"]
[EventCountry "CZE"]
[SourceTitle "EXT 2012"]
[Source "ChessBase"]
[SourceDate "2011.11.24"]
[SourceVersion "1"]
[SourceVersionDate "2011.11.24"]
[SourceQuality "1"]

1. e4 c5 2. Nf3 d6 3. d4 cxd4 4. Nxd4 Nf6 5. Nc3 g6 6. Be3 Bg7 7. f3 0-0 8. Qd2 Nc6 9. 0-0-0 Nxd4 10. Bxd4 Be6 11. h4 Qa5 12. Kb1 Rfc8 13. b3 Qc7 14. Nb5 Qb8 15. Bb2 a6 16. Nd4 Bd7 17. h5 b5 18. hxg6 hxg6 19. Qe1 a5 20. a3 e5 21. Ne2 b4 22. a4 d5 23. Ng3 d4 24. Bd3 Ra7 25. Ne2 Bxa4 26. bxa4 b3 27. Rc1 bxc2+ 28. Rxc2 Rxc2 29. Kxc2 Rc7+ 30. Kb1 Qb3 31. Qd1 Qb4 32. Ka2 Bf8 33. Nc1 Nd7 34. Bb5 Nb6 35. Nd3 Qd6 36. Qb3 Qf6 37. Rc1 Rxc1 38. Bxc1 Nc8 39. Qd5 Bd6 40. Qa8 Qe6+ 41. Kb2 Kg7 42. Qxa5 Qe7 43. Qd2 1-0

[Event "CZE-ch U14"]
[Site "Sec u Chrudimi"]
[Date "2008.10.26"]
[Round "2"]
[White "Vopenka, Stepan"]
[Black "Vlasak, Martin"]
[Result "1/2-1/2"]
[WhiteElo "1472"]
[BlackElo "1734"]
[PlyCount "47"]
[EventDate "2008.10.25"]
[EventType "swiss"]
[EventRounds "9"]
[EventCountry "CZE"]
[SourceTitle "EXT 2022"]
[Source "ChessBase"]
[SourceDate "2021.10.06"]
[SourceVersion "1"]
[SourceVersionDate "2021.10.06"]
[SourceQuality "1"]

1. e4 e5 2. Nf3 Nc6 3. Bb5 a6 4. Ba4 Nf6 5. Nc3 d6 6. d3 Be7 7. 0-0 b5 8. Bb3 Bg4 9. Be3 0-0 10. Nd5 Re8 11. h3 Bh5 12. Nxe7+ Qxe7 13. Bg5 h6 14. Bh4 g5 15. Bg3 Nd4 16. c3 Nxf3+ 17. gxf3 Qd7 18. Kg2 d5 19. Re1 dxe4 20. dxe4 Rad8 21. Qxd7 Rxd7 22. Red1 Rde7 23. Rd2 Bg6 24. Rad1 1/2-1/2

[Event "CZE-ch U14"]
[Site "Sec u Chrudimi"]
[Date "2008.03.15"]
[Round "9"]
[White "Vlasak, Martin"]
[Black "Karlik, Ondrej"]
[Result "1/2-1/2"]
[WhiteElo "1612"]
[BlackElo "1705"]
[PlyCount "49"]
[EventDate "2008.03.08"]
[EventType "swiss"]
[EventRounds "9"]
[EventCountry "CZE"]
[SourceTitle "EXT 2009"]
[Source "ChessBase"]
[SourceDate "2008.11.26"]
[SourceVersion "1"]
[SourceVersionDate "2008.11.26"]
[SourceQuality "1"]

1. e4 d5 2. exd5 Qxd5 3. Nc3 Qa5 4. d4 c6 5. Nf3 Bf5 6. Ne5 e6 7. Bd3 Bg6 8. Qe2 Bxd3 9. Qxd3 Nf6 10. Bd2 Qc7 11. 0-0-0 Nbd7 12. Nxd7 Qxd7 13. Ne4 Nxe4 14. Qxe4 0-0-0 15. Bf4 Bd6 16. Rd3 Qc7 17. Bxd6 Qxd6 18. g3 Qd5 19. Qxd5 Rxd5 20. c3 Kc7 21. Kc2 Rhd8 22. Rf3 f6 23. Re1 Re8 24. Rfe3 Kd6 25. R1e2 1/2-1/2

[Event "CZE-ch U14"]
[Site "Sec u Chrudimi"]
[Date "2008.03.11"]
[Round "5"]
[White "Vlasak, Martin"]
[Black "Rubes, Jan"]
[Result "0-1"]
[WhiteElo "1612"]
[BlackElo "1791"]
[PlyCount "70"]
[EventDate "2008.03.08"]
[EventType "swiss"]
[EventRounds "9"]
[EventCountry "CZE"]
[SourceTitle "EXT 2009"]
[Source "ChessBase"]
[SourceDate "2008.11.26"]
[SourceVersion "1"]
[SourceVersionDate "2008.11.26"]
[SourceQuality "1"]

1. e4 c5 2. Nf3 Nc6 3. d4 cxd4 4. Nxd4 g6 5. Be3 Bg7 6. Nc3 Nf6 7. Qd2 d5 8. Nxc6 bxc6 9. exd5 Nxd5 10. Nxd5 Qxd5 11. Qxd5 cxd5 12. 0-0-0 e6 13. Bd4 f6 14. g3 Kf7 15. Bg2 Ba6 16. Rhe1 Rhc8 17. f4 Rc7 18. Re3 Rac8 19. Rc3 Rxc3 20. Bxc3 g5 21. fxg5 fxg5 22. Bxg7 Kxg7 23. Bf1 Bb7 24. Re1 Kf6 25. b4 e5 26. Kb2 e4 27. c3 Ke5 28. Rd1 Rf8 29. Kb3 Rf2 30. a4 Rxh2 31. b5 h5 32. c4 e3 33. Bd3 dxc4+ 34. Kxc4 Bd5+ 35. Kc5 Rd2 0-1

[Event "CZE-ch U14"]
[Site "Sec u Chrudimi"]
[Date "2008.03.10"]
[Round "4"]
[White "Pospisil, Martin"]
[Black "Vlasak, Martin"]
[Result "1-0"]
[WhiteElo "1783"]
[BlackElo "1612"]
[PlyCount "49"]
[EventDate "2008.03.08"]
[EventType "swiss"]
[EventRounds "9"]
[EventCountry "CZE"]
[SourceTitle "EXT 2009"]
[Source "ChessBase"]
[SourceDate "2008.11.26"]
[SourceVersion "1"]
[SourceVersionDate "2008.11.26"]
[SourceQuality "1"]

1. d4 Nf6 2. c4 g6 3. Nc3 Bg7 4. e4 d6 5. Nf3 0-0 6. Be2 e5 7. Be3 Nc6 8. d5 Ne7 9. Nd2 Nd7 10. g4 f5 11. f3 a6 12. 0-0 Nf6 13. b4 c6 14. Nb3 f4 15. Bf2 g5 16. h3 h5 17. Qd3 Rf7 18. Rfd1 Bf8 19. c5 hxg4 20. hxg4 Rh7 21. Kg2 Ne8 22. dxc6 Nxc6 23. Qd5+ Kg7 24. Bc4 Kf6 25. Qg8 1-0

[Event "CZE-ch U14"]
[Site "Sec u Chrudimi"]
[Date "2008.03.09"]
[Round "2"]
[White "Musil, Jiri"]
[Black "Vlasak, Martin"]
[Result "1-0"]
[WhiteElo "1610"]
[BlackElo "1612"]
[PlyCount "95"]
[EventDate "2008.03.08"]
[EventType "swiss"]
[EventRounds "9"]
[EventCountry "CZE"]
[SourceTitle "EXT 2009"]
[Source "ChessBase"]
[SourceDate "2008.11.26"]
[SourceVersion "1"]
[SourceVersionDate "2008.11.26"]
[SourceQuality "1"]

1. e4 e5 2. d4 exd4 3. c3 d5 4. Qxd4 dxe4 5. Qxe4+ Be7 6. Bg5 h6 7. Bxe7 Qxe7 8. Nd2 Bf5 9. Qxe7+ Nxe7 10. 0-0-0 Nbc6 11. Bb5 a6 12. Ba4 b5 13. Bc2 Bxc2 14. Kxc2 0-0 15. Ngf3 b4 16. c4 Rad8 17. Ne4 Ng6 18. g3 Rfe8 19. Rxd8 Rxd8 20. Rd1 Rxd1 21. Kxd1 Kf8 22. Kc2 Ke7 23. Kb3 a5 24. Nc5 Kf6 25. Na6 Nge5 26. Nxe5 Kxe5 27. Nxc7 Ke4 28. Ne8 Kd3 29. Nxg7 Nd4+ 30. Ka4 Kxc4 31. Kxa5 b3 32. axb3+ Kxb3 33. Kb6 Kxb2 34. Kc5 Kc3 35. Kd5 Kd3 36. h4 Nf3 37. Nf5 h5 38. Kd6 Ke4 39. Ng7 Ne5 40. Nxh5 Ng6 41. Ng7 Kf3 42. h5 Nh8 43. Ke5 Kxf2 44. g4 Kg3 45. g5 Kg4 46. Kf6 Kf4 47. Ne6+ Kg4 48. h6 1-0

[Event "CZE-ch U14"]
[Site "Sec u Chrudimi"]
[Date "2007.10.27"]
[Round "9"]
[White "Vlasak, Martin"]
[Black "Zvara, David"]
[Result "0-1"]
[WhiteElo "1591"]
[BlackElo "1750"]
[PlyCount "128"]
[EventDate "2007.10.20"]
[EventType "swiss"]
[EventRounds "9"]
[EventCountry "CZE"]
[SourceTitle "EXT 2022"]
[Source "ChessBase"]
[SourceDate "2021.10.06"]
[SourceVersion "1"]
[SourceVersionDate "2021.10.06"]
[SourceQuality "1"]

1. e4 e5 2. Nf3 Nf6 3. Nxe5 d6 4. Nf3 Nxe4 5. Nc3 Nf6 6. d4 d5 7. Bd3 Bd6 8. Be3 0-0 9. Qd2 c6 10. 0-0-0 b5 11. Bf4 Bb4 12. Ne5 Qa5 13. Kb1 c5 14. a3 Bxc3 15. Qxc3 Qxc3 16. bxc3 c4 17. Bf1 Ne4 18. Re1 Nxf2 19. Rg1 Ne4 20. Kb2 Re8 21. g3 f6 22. Nf3 g5 23. Bc1 h6 24. h4 Kg7 25. Bg2 Be6 26. hxg5 hxg5 27. Nd2 Nxd2 28. Bxd2 Nd7 29. Re3 Nb6 30. Rge1 Kf7 31. R3e2 Bg4 32. Rxe8 Rxe8 33. Rxe8 Kxe8 34. Kc1 Bf5 35. Be1 Kf7 36. Kd2 Ke6 37. Bf3 Be4 38. Bd1 f5 39. Ke3 Nc8 40. Bd2 Nd6 41. Kf2 Nf7 42. Ke3 Kf6 43. Be1 Nd8 44. Bf2 Ne6 45. Bg1 g4 46. Bh2 Ng5 47. Bg1 Bg2 48. Bf2 Ne4 49. Be1 Ng5 50. Bf2 Ne4 51. Be1 Bf1 52. Kf4 a6 53. Ke3 Kg5 54. Be2 Bxe2 55. Kxe2 f4 56. gxf4+ Kxf4 57. Kf1 Kf3 58. Kg1 g3 59. Kf1 g2+ 60. Kg1 Ng3 61. Bxg3 Kxg3 62. a4 Kf3 63. a5 Ke3 64. Kxg2 Kd2 0-1

[Event "Usti nad Labem op U10/12"]
[Site "Usti nad Labem"]
[Date "2007.06.25"]
[Round "5"]
[White "Vlasak, Martin"]
[Black "Rous, Daniel"]
[Result "1-0"]
[WhiteElo "1567"]
[BlackElo "1690"]
[PlyCount "69"]
[EventDate "2007.06.21"]
[EventType "swiss"]
[EventRounds "7"]
[EventCountry "CZE"]
[SourceTitle "EXT 2008"]
[Source "ChessBase"]
[SourceDate "2007.11.25"]
[SourceVersion "1"]
[SourceVersionDate "2007.11.25"]
[SourceQuality "1"]

1. e4 c5 2. Nf3 d6 3. d4 cxd4 4. Nxd4 Nf6 5. Nc3 a6 6. f3 e6 7. Be3 Be7 8. Qd2 b5 9. g4 Bb7 10. 0-0-0 0-0 11. g5 Nfd7 12. h4 Nb6 13. h5 Qd7 14. Qg2 b4 15. Nce2 Nc4 16. Bf2 a5 17. g6 a4 18. Nf4 Ne5 19. h6 Nxg6 20. hxg7 Kxg7 21. Qh2 Rh8 22. Qh6+ Kg8 23. Nh5 Bg5+ 24. Qxg5 h6 25. Qxg6+ fxg6 26. Nf6+ Kf7 27. Nxd7 Nxd7 28. Be3 g5 29. Bd2 b3 30. axb3 axb3 31. Nxb3 Nc5 32. Bc3 Rhc8 33. Nxc5 Rxc5 34. Rxh6 d5 35. Rh7+ 1-0

[Event "Usti nad Labem op U10/12"]
[Site "Usti nad Labem"]
[Date "2007.06.23"]
[Round "3"]
[White "Vlasak, Martin"]
[Black "Suchomel, Ales"]
[Result "1-0"]
[WhiteElo "1567"]
[BlackElo "1596"]
[PlyCount "63"]
[EventDate "2007.06.21"]
[EventType "swiss"]
[EventRounds "7"]
[EventCountry "CZE"]
[SourceTitle "EXT 2008"]
[Source "ChessBase"]
[SourceDate "2007.11.25"]
[SourceVersion "1"]
[SourceVersionDate "2007.11.25"]
[SourceQuality "1"]

1. e4 e6 2. d4 d5 3. Nc3 Bb4 4. e5 c5 5. a3 cxd4 6. axb4 dxc3 7. bxc3 Qc7 8. Qd4 Nc6 9. Bb5 Nge7 10. Rxa7 Rxa7 11. Qxa7 Qxe5+ 12. Ne2 0-0 13. Qe3 Qxe3 14. Bxe3 Bd7 15. Bc5 Re8 16. c4 Ne5 17. Bxd7 Nxd7 18. Bxe7 Rxe7 19. c5 Ne5 20. Kd2 b6 21. Ra1 h6 22. cxb6 Rb7 23. Ra6 Nc4+ 24. Kc3 Nxb6 25. b5 Kf8 26. Kb4 Ke7 27. Kc5 Nd7+ 28. Kc6 Rb8 29. Nd4 Rc8+ 30. Kb7 Rc4 31. Nc6+ Ke8 32. Ra8+ 1-0

[Event "CZE-ch U12"]
[Site "Sec u Chrudimi"]
[Date "2007.03.15"]
[Round "7"]
[White "Kozel, Jiri"]
[Black "Vlasak, Martin"]
[Result "1-0"]
[WhiteElo "1517"]
[BlackElo "1250"]
[PlyCount "49"]
[EventDate "2007.03.10"]
[EventType "swiss"]
[EventRounds "9"]
[EventCountry "CZE"]
[SourceTitle "EXT 2008"]
[Source "ChessBase"]
[SourceDate "2007.11.25"]
[SourceVersion "1"]
[SourceVersionDate "2007.11.25"]
[SourceQuality "1"]

1. e4 c5 2. Nf3 Nc6 3. d4 cxd4 4. Nxd4 Nf6 5. Nc3 e5 6. Ndb5 d6 7. Bg5 a6 8. Na3 b5 9. Nd5 Be7 10. Bxf6 Bxf6 11. c3 Ne7 12. Nxf6+ gxf6 13. Nc2 f5 14. Bd3 fxe4 15. Bxe4 d5 16. Bf3 Bb7 17. Qd2 Qd7 18. 0-0-0 0-0-0 19. Qe3 f6 20. Rhe1 Nf5 21. Qc5+ Kb8 22. Nb4 Rc8 23. Qb6 e4 24. Bxe4 Ka8 25. Bxd5 1-0